00362 a2200097 4500001001000000005001700010008004100027245011000068100003500178773005100213ART_4668820260410162040.0260409a 10aAnálisis de las transiciones entre la formalidad y la informalidad en el mercado de trabajo ecuatoriano1 aVega Nuñez, Adriana Patricia0 tRevista Cepalg- Nº 123 (dic. 2017)wREV45125